000 00806nam a22002777a 4500
003 UA-OsUOA
001 26924
007 ta
008 20040611b un ||||| |||| 00| 0 ukr d
100 _aШвиданенко Г.О.
700 _aПокропивний С.Ф.
700 _aКлименко С.М.
090 _a658(075.8)
_bЕ40
942 _cBK
040 _aUA-OsUOA
_bukr
_cUA-OsUOA
_dUA-OsUOA
245 _aЕкономіка підприємства
_bнавчально-методичний посібник для сіиостійного вивчення дисципліни
300 _a248 с.
955 _a2
041 _aukr
080 _a658(075.8)
020 _a966-574-068-7
260 _aКиїв
_bКНЕУ
_c2000
044 _aUA
650 7 _2UDC
999 _c313261
_d313261